• 首页
  • 本馆介绍
  • 公告通知
  • 最新文献
  • 馆藏检索
  • 电子资源
  • 读者导购
  • 参考咨询
  • 我的图书馆
  • 登录
  • 详细信息显示
  • 放入我的书架
  • 预约/预借图书
  • 作者相关作品
  • 分类相关作品
  • 丛书相关作品
  • 出版社相关作品

书目信息

  • 表格格式
  • 工作单格式
  • 卡片格式
题名:
现代水质监测分析技术
    
 
作者: 费学宁 主编
分册:  
出版信息: 北京   化学工业出版社  2005
页数: 442页
开本: 26cm
丛书名:
单 册:
中图分类: X832
科图分类:
主题词: 水质监测 , 水质分析
电子资源:
ISBN: 7-5025-6367-9
000 00838nam0 2200253 450
001 002841287
005 20080303093905.93
010    @a7-5025-6367-9@dCNY58.00
035    @a002841287
100    @a20050221d2005 em y0chiy0110 ea
101 0  @achi
102    @aCN@b110000
105    @ay z 000yy
106    @ar
200 1  @a现代水质监测分析技术@Axian dai shui zhi jian ce fen xi ji shu@f费学宁主编
210    @a北京@c化学工业出版社@d2005
215    @a442页@d26cm
330    @a本书总结、归纳和整理了国内外关于仪器分析在水质监测应用上的新技术、新方法,并结合作者工作中积累的经验,深入浅出地介绍了原子光谱技术、分子光谱技术等技术,特别是多种仪器的联用技术及相关问题。
606 0  @a水质监测
606 0  @a水质分析
690    @aX832@v4
701  0 @a费学宁@Afei xue ning@4主编
801  0 @aCN@bNLC@c20080303
905    @dX832@e133@f4
    
    现代水质监测分析技术/费学宁主编.-北京:化学工业出版社,2005
    442页;26cm
    
    
    ISBN 7-5025-6367-9:CNY58.00
    本书总结、归纳和整理了国内外关于仪器分析在水质监测应用上的新技术、新方法,并结合作者工作中积累的经验,深入浅出地介绍了原子光谱技术、分子光谱技术等技术,特别是多种仪器的联用技术及相关问题。
●
相关链接 在E读中查询图书 在五车中查询图书 在当当中查询图书 在豆瓣中查询图书


正题名:现代水质监测分析技术     索取号:X832/133         预约/预借

序号 登录号 条形码 馆藏地/架位号 状态 备注
1 0614673   206146730   第二样本阅览室/ [索取号:X832/133] 在馆    
2 0614674   206146749   第三借阅区/ [索取号:X832/133] 在馆    
3 0614675   206146758   第三借阅区/ [索取号:X832/133] 在馆    
4 0614676   206146767   第三借阅区/ [索取号:X832/133] 在馆    
唐山师范学院图书馆 欢迎您!
大连网信软件有限公司© 版权所有